Reconnais ces joueurs de Ligue 1 (Niveau facile) - Statistiques

Statistiques générales
  • Ce quiz a été pris 40 fois
  • Le résultat moyen est 14 sur 15
Statistiques - réponses
Par images Réponse % Correct
kylian mbappe
100%
pierre emerick aubameyang
97%
alexandre lacazette
95%
dimitri payet
95%
edinson cavani
95%
hugo lloris
95%
nabil fekir
95%
olivier giroud
95%
thierry henry
92%
memphis depay
89%
emiliano sala
86%
hatem ben arfa
86%
thiago silva
86%
juninho
81%
radamel falcao
81%
Aucun quiz correspondant
Distribution des résultats
% des personnes avec chaque résultat
Percentile par nombre de réponses
Votre historique - résultats
Vous n’avez pas pris ce quiz